CO JEST POTRZEBNE STRAŻAKOWI W TRAKCIE AKCJI GAŚNICZEJ? - Statystyki

Ogólne statystyki
  • Ten quiz został rozwiązany 197 razy
  • Średni wynik to 2 z 7
Statystyki odpowiedzi
Odpowiedź % Poprawnych
WODA
72%
GAŚNICA
58%
WĄŻ STRAŻACKI
22%
DRABINA
14%
SIEKIERA
14%
RĘKAWICZKI
5%
UNIFORM
4%
Nie znaleziono quizów pasujących do podanych kryteriów
Rozkład punktacji
Procent ludzi z każdym wynikiem
Percentyl według liczby udzielonych odpowiedzi
Twoja historia wyników
Nie rozwiązałeś tego quizu